000
00227nam a2200109Ia 4500
999
_c
6747
_d
6747
020
_a
978-1681231198
100
_a
Fred Luthans
245
0
_a
Organizational Behavior
260
_a
USA
_b
Pearson
_c
1995
300
_a
592
942
_c
BK